000 00865nam a2200277 a 4500
001 000044162
003 DO-SdBNP
005 20160920145501.0
007 000044162
008 140603s2009 dr acd 000 0 spa d
020 _a9789945174700
040 _aBPMSU
_bspa
_cBPMSU
092 _axxxxx
_bxxxxx
245 0 0 _aCiencias sociales 1 :
_beducación media /
_cgerencia editorial Anna Rogero Soler ; colaboración Ryde Acosta...[et.al] ; edición Marcos Reynoso.
260 _aSanto Domingo :
_bSM,
_c2013
300 _a287 p. :
_bil., gráf., mapas ;
_c29 cm. +
_eCD-ROM
490 1 _aProyecto Sé
500 _aEl número 1
504 _aBibliografía : p. 287
700 1 2 _aRogero Soler, Anna,
_eed.
700 1 2 _aAcosta, Ryde
700 1 2 _aReynoso, Marcos,
_eed.
830 0 _pProyecto Sé
942 _2ddc
_cBK
956 _aLOPEREZ
_b10
_cBPMSU
_l0041
999 _c7287
_d7287